Central Library and Information Centre
Sibsagar Girls' College, Sivasagar : Assam

AGRICULTURAL GEOGRAPHY (Record no. 2411)

MARC details
000 -LEADER
fixed length control field 00398cam a2200169ua 4500
008 - FIXED-LENGTH DATA ELEMENTS--GENERAL INFORMATION
fixed length control field 190403n II |||gr||||Z||||||eng
040 ## - CATALOGING SOURCE
Original cataloging agency MAIN
041 ## - LANGUAGE CODE
-- English
082 ## - DEWEY DECIMAL CLASSIFICATION NUMBER
Classification number 910.163 CHO
100 ## - MAIN ENTRY--PERSONAL NAME
Personal name CHOPRA, GIRISH.
245 ## - TITLE STATEMENT
Title AGRICULTURAL GEOGRAPHY
260 ## - PUBLICATION, DISTRIBUTION, ETC.
Place of publication, distribution, etc. ND:
Name of publisher, distributor, etc. COMMONWEALTH PUB.,
Date of publication, distribution, etc. 2006.
300 ## - PHYSICAL DESCRIPTION
Extent 305:
Dimensions 22CM.
942 ## - ADDED ENTRY ELEMENTS (KOHA)
Koha item type Books
653 ## - INDEX TERM--UNCONTROLLED
Uncontrolled term Agricultural Geography
Holdings
Withdrawn status Lost status Damaged status Not for loan Collection code Home library Current library Shelving location Date acquired Total Checkouts Total Renewals Full call number Barcode Date last seen Date last checked out Copy number Price effective from Koha item type Public note
        TBGEO Central Library and Information Centre Sibsagar Girls College Central Library and Information Centre Sibsagar Girls College GEOGRAPHY BOOK RACK 13.07.2008 1 1 910.163 CHO 23329 21.10.2021 28.09.2021 1 27.02.2020 Books V


Sibsagar Girl's College © 2020. All rights reserved.
Powered by Koha.
Maintained by Abhijit Borpuzari.